000 00932nam a2200253Ia 4500
003 OSt
005 20221005113017.0
006 a|||||r|||| 00| 0
007 ta
008 221004b |||||||| |||| 00| 0 pan d
020 _cINR 600.00
024 _a66870
037 _bSP/5347, 17/02/2020, Star Publications Pvt. Ltd.
_cTextual
040 _aCRL
_cCRL
_bpan
041 _2pan
_apan
082 _aQ8441, 153R0
100 _aਔਲਖ, ਗੁਰਚਰਨ, ਂਚ.
245 0 _aਮਹਾਨ ਜੋਧੇ ਸਿੱਖ ਗੁਰੂ ਸਾਹਿਬਾਨ ਤੇ ਜਰਨੈਲ
260 _aਦਿੱਲੀ
_bਨੈFਨਲ ੁੁਬੁਕ Fਾਪ ਭਾਰਤ
_c2020
300 _a480ਪ੍ਰ0
_ccm.
650 _aਸਿੱਖ ਧਰਮ
_9156314
942 _hQ8441, 153R0
_cTEXL
_2cc
999 _c1026741
_d1026741